000
00248nam a2200109Ia 4500
008
190216s9999||||xx |||||||||||||| ||und||
100
_a
Rameswar Sharma
245
0
_a
Hindi-Manyatha
260
_b
Prakashan Gosh Book
650
_a
Hindi
942
_c
BK
999
_c
15290
_d
15290